Philosophia thomistica, juxta inconcussa, tutissimaque divi Thomae dogmata (Record no. 8628)

MARC details
000 -CABECERA
campo de control de longitud fija 01142nam a2200241 a 4500
001 - NÚMERO DE CONTROL
campo de control BRCA_8977
005 - FECHA Y HORA DE LA ÚLTIMA TRANSACCIÓN
campo de control 20190320210458.0
008 - DATOS DE LONGITUD FIJA--INFORMACIÓN GENERAL
campo de control de longitud fija 100717s1745----sp-a######---#000-0#lat-#
041 ## - CÓDIGO DE LENGUA
Código de lengua del texto/banda sonora o título independiente lat
044 ## - CÓDIGO DEL PAÍS DE LA ENTIDAD EDITORA/PRODUCTORA
Código MARC del país sp
084 ## - OTRO NÚMERO DE CLASIFICACIÓN
Número de clasificación CO101
Número de documento/Ítem .G68 1745
100 1# - ENTRADA PRINCIPAL--NOMBRE DE PERSONA
Nombre de persona Goudin Lemovicensis, Antoine
9 (RLIN) 22288
245 10 - MENCIÓN DE TÍTULO
Título Philosophia thomistica, juxta inconcussa, tutissimaque divi Thomae dogmata
Resto del título quatuor tomis comprehensa
Mención de responsabilidad, etc. authore P. Fr. Antonio Goudin, Lmovicensis...
260 ## - PUBLICACIÓN, DISTRIBUCIÓN, ETC.
Lugar de publicación, distribución, etc. Matriti
Nombre del editor, distribuidor, etc. Apud Andraeam a Ramírez,
Fecha de publicación, distribución, etc. 1745
300 ## - DESCRIPCIÓN FÍSICA
Extensión 396 p. (t.2)
Otras características físicas il.
Dimensiones 20.3 x 14.6 cm
500 ## - NOTA GENERAL
Nota general En portada: Editio novissima, accuratissimé correcta, elementis Chronologiae, & Geographiae nume recens exornata, & figuris aereis illustrata , praecipue ubi de modernis expeimentis, & oservationibus, atque reccentiorum Philosophorum platicis, & systemate.
500 ## - NOTA GENERAL
Nota general En portada: Tomus secundus, Primam, et secundam physicae partem continens
500 ## - NOTA GENERAL
Nota general Superiorum permissu
500 ## - NOTA GENERAL
Nota general Estado físico: presenta encuadernación en pergamino con cintas rotas
650 14 - PUNTO DE ACCESO ADICIONAL DE MATERIA--TÉRMINO DE MATERIA
Término de materia o nombre geográfico como elemento de entrada Filosofía
Subdivisión cronológica Obras anteriores a 1800
9 (RLIN) 22006
902 ## - CATALOGADOR
Iniciales CFM
942 ## - ELEMENTOS DE PUNTO DE ACCESO ADICIONAL (KOHA)
Fuente del sistema de clasificación o colocación Library of Congress Classification
Tipo de ítem Koha Libros
Holdings
Estado de retiro Estado de pérdida Estado dañado No para préstamo Localización permanente Ubicación/localización actual Fecha de adquisición Total de préstamos Signatura topográfica completa Código de barras Fecha visto por última vez Precio válido a partir de Tipo de ítem Koha
El ejemplar forma parte de la colección y puede ser consultado según las políticas vigentes.       Biblioteca del Museo Franz Mayer (Rogerio Casas-Alatriste) Biblioteca del Museo Franz Mayer (Rogerio Casas-Alatriste) 10/07/2017   CO101 .G68 1745 CFM00389 22/03/2019 22/03/2019 Libros